<?xml version='1.0' encoding='UTF-8'?>
  <record xmlns="http://www.loc.gov/MARC21/slim">
    <leader>00000cam a2200000 i 4500</leader>
    <controlfield tag="001">ocn901221136</controlfield>
    <controlfield tag="003">OCoLC</controlfield>
    <controlfield tag="005">20251121055352.1</controlfield>
    <controlfield tag="008">150127s1478    it            000 0 lat d</controlfield>
    <datafield tag="040" ind1=" " ind2=" ">
      <subfield code="a">NLGGC</subfield>
      <subfield code="b">eng</subfield>
      <subfield code="e">rda</subfield>
      <subfield code="e">dcrmr</subfield>
      <subfield code="c">NLGGC</subfield>
      <subfield code="d">QGJ</subfield>
      <subfield code="d">OCLCO</subfield>
      <subfield code="d">QGJ</subfield>
    </datafield>
    <datafield tag="029" ind1="0" ind2=" ">
      <subfield code="a">NLGGC</subfield>
      <subfield code="b">38831902X</subfield>
    </datafield>
    <datafield tag="035" ind1=" " ind2=" ">
      <subfield code="a">(OCoLC)901221136</subfield>
    </datafield>
    <datafield tag="100" ind1="0" ind2=" ">
      <subfield code="a">Astesano,</subfield>
      <subfield code="d">-1330?</subfield>
      <subfield code="e">author.</subfield>
      <subfield code="4">aut</subfield>
    </datafield>
    <datafield tag="240" ind1="1" ind2="0">
      <subfield code="a">Summa de casibus conscientiae</subfield>
    </datafield>
    <datafield tag="245" ind1="1" ind2="0">
      <subfield code="a">Su[m]ma de casib[us] /</subfield>
      <subfield code="c">per fratrem Astexanum de ordine fratru[m] mino[rum] co[m]pilata ad honore[m] dei i[m]mortalis &amp; diligentem exhortatione[m] d[omi]ni Joha[n]nis gaietani diaconi cardinalis s[an]c[t]i Theodori.</subfield>
    </datafield>
    <datafield tag="246" ind1="1" ind2=" ">
      <subfield code="i">Title according to ISTC:</subfield>
      <subfield code="a">Summa de casibus conscientiae. Ed: Bartholomaeus de Bellatis and Gometius de Ulixbona</subfield>
    </datafield>
    <datafield tag="264" ind1=" " ind2="1">
      <subfield code="a">Venetijs :</subfield>
      <subfield code="b">Sumptib[us] &amp; iussu Joh[an]nis de Colonia socijq[ue] eius Joha[n]nis Manthen de Gherretze[m],</subfield>
      <subfield code="c">finis impositus est .1478. die .18. me[n]sis martij [18 March 1478]</subfield>
    </datafield>
    <datafield tag="300" ind1=" " ind2=" ">
      <subfield code="a">2 volumes ([589] leaves) ;</subfield>
      <subfield code="c">31 cm (folio)</subfield>
    </datafield>
    <datafield tag="336" ind1=" " ind2=" ">
      <subfield code="a">text</subfield>
      <subfield code="b">txt</subfield>
      <subfield code="2">rdacontent</subfield>
    </datafield>
    <datafield tag="337" ind1=" " ind2=" ">
      <subfield code="a">unmediated</subfield>
      <subfield code="b">n</subfield>
      <subfield code="2">rdamedia</subfield>
    </datafield>
    <datafield tag="338" ind1=" " ind2=" ">
      <subfield code="a">volume</subfield>
      <subfield code="b">nc</subfield>
      <subfield code="2">rdacarrier</subfield>
    </datafield>
    <datafield tag="340" ind1=" " ind2=" ">
      <subfield code="m">folio</subfield>
      <subfield code="2">rdabf</subfield>
    </datafield>
    <datafield tag="340" ind1=" " ind2=" ">
      <subfield code="k">2 columns, 54 lines</subfield>
    </datafield>
    <datafield tag="500" ind1=" " ind2=" ">
      <subfield code="a">Title and statement of responsibiliyt from incipit prologue (leaf a2 recto), which reads: In no[m]i[n]e d[omi]ni amen. Incipit su[m]ma de casib[us] per fratrem Astexanum de ordine fratru[m] mino[rum] co[m]pilata ad honore[m] dei i[m]mortalis &amp; diligentem exhortatione[m] d[omi]ni Joha[n]nis gaietani diaconi cardinalis s[an]c[t]i Theodori.</subfield>
    </datafield>
    <datafield tag="500" ind1=" " ind2=" ">
      <subfield code="a">Imprint from colophon on leaf [con]8 verso, which reads in full: Su[m]me [con]fessionis operi nobilissimo &amp; huic facultati opera[m] dantib[us] pernecessario qua[m] frat[er] astesan[us] de Ast ordinis minor[um] doctor sole[n]nis edidit maxi[m]a cura &amp; sollicitudine famosissimi sacre theologie m[a]g[ist]ri fratris Bartholamei de Bellati de feltro circa iuris cottat[i]o[n]es. necno[n] fratr[is] Gometij hispani de Ulyxbona prouintie portugalie sacre theologie bacchalarij clarissimi in [con]uentu Venetiar[um] circa residuu[m] totius voluminis ambo eiusde[m] religionis minor[um] eme[n]date sumptib[us] &amp; iussu Joh[an]nis de Colonia socijq[ue] eius Joha[n]nis Manthen de Gherretze[m]. Venetijs finis impositus est .1478. die .18. me[n]sis martij.</subfield>
    </datafield>
    <datafield tag="500" ind1=" " ind2=" ">
      <subfield code="a">Edited by Bartholomaeus de Bellatis and Gometius de Ulixbona.</subfield>
    </datafield>
    <datafield tag="500" ind1=" " ind2=" ">
      <subfield code="a">Text printed in two columns.</subfield>
    </datafield>
    <datafield tag="500" ind1=" " ind2=" ">
      <subfield code="a">Capital spaces with guide letters.</subfield>
    </datafield>
    <datafield tag="500" ind1=" " ind2=" ">
      <subfield code="a">Signatures: a¹¹ b-f¹⁰ g-h⁸ hh⁸ i-n¹⁰ o⁸ p-t¹⁰ v-y⁸ aa-cc¹⁰ dd⁸ ee-pp¹⁰ rr¹⁰ ²rr⁸ s⁶ ss-xx¹⁰ A-M¹⁰ Y-Z¹⁰ [et]¹⁰ [con]¹⁰. Last leaf [con]10 blank. Leaf [a1] unsigned; leaf tt1 signed "qq."</subfield>
    </datafield>
    <datafield tag="505" ind1="0" ind2=" ">
      <subfield code="a">[a1]r-v; [introduction, with list of abbreviations], [a1]v; Astesanus de Ast. [Letter addressed to] Cardinal Johannes Caietani de Ursinis, a2r; Johannes Caietani de Ursinis. [Letter addressed to] Astesanus, a2r; Astesanus de Ast. Summa de casibus conscientiae, Prologue, a2r-a3r; table of contents of Book 1, a3r; Astesanus de Ast. Summa de casibus conscientiae, Books 1-4, edited by Bartholomaeus de Bellatis and Gometius Ulissiponensis, a3r-dd7v, including tables of contents of single books; printer's register for vol. 1, dd8r; Astesanus de Ast. Summa de casibus conscientiae, Books 5-8, edited by Bartholomaeus de Bellatis and Gometius Ulissiponensis, ee1r-M10v, including tables of contents of single books; alphabetical list of contents, Y1r-Z5r; table of titles of decretals, Z5r-[et]6r; alphabetical table of contents, [et]6r-[con]8v; colophon, [con]8v; printer's register for vol. 2, [con9]r. Also: Bartholomeus de Bellatis. [Letter addressed to] Marcus Barbus, titular Cardinal-priest of S. Mark.</subfield>
    </datafield>
    <datafield tag="510" ind1="4" ind2=" ">
      <subfield code="a">Gesamtkatalog der Wiegendrucke,</subfield>
      <subfield code="c">2754</subfield>
      <subfield code="u">https://www.gesamtkatalogderwiegendrucke.de/docs/GW02754.htm</subfield>
    </datafield>
    <datafield tag="510" ind1="4" ind2=" ">
      <subfield code="a">Incunabula short title catalogue,</subfield>
      <subfield code="c">ia01165000</subfield>
      <subfield code="u">https://data.cerl.org/istc/ia01165000</subfield>
    </datafield>
    <datafield tag="510" ind1="4" ind2=" ">
      <subfield code="a">Incunabula in Dutch Libraries,</subfield>
      <subfield code="c">456</subfield>
    </datafield>
    <datafield tag="510" ind1="4" ind2=" ">
      <subfield code="a">Typenrepertorium der Wiegendrucke,</subfield>
      <subfield code="c">ma10245</subfield>
      <subfield code="u">https://tw.staatsbibliothek-berlin.de/ma10245</subfield>
    </datafield>
    <datafield tag="510" ind1="4" ind2=" ">
      <subfield code="a">Typenrepertorium der Wiegendrucke,</subfield>
      <subfield code="c">ma10246</subfield>
      <subfield code="u">https://tw.staatsbibliothek-berlin.de/ma10246</subfield>
    </datafield>
    <datafield tag="546" ind1=" " ind2=" ">
      <subfield code="b">Typeface: 10:160G, 11:76G</subfield>
    </datafield>
    <datafield tag="650" ind1=" " ind2="0">
      <subfield code="a">Canon law.</subfield>
    </datafield>
    <datafield tag="650" ind1=" " ind2="0">
      <subfield code="a">Theology</subfield>
      <subfield code="v">Early works to 1800.</subfield>
    </datafield>
    <datafield tag="650" ind1=" " ind2="6">
      <subfield code="a">Droit canonique.</subfield>
    </datafield>
    <datafield tag="650" ind1=" " ind2="6">
      <subfield code="a">Théologie</subfield>
      <subfield code="v">Ouvrages avant 1800.</subfield>
    </datafield>
    <datafield tag="650" ind1=" " ind2="7">
      <subfield code="a">canon law.</subfield>
      <subfield code="2">aat</subfield>
    </datafield>
    <datafield tag="655" ind1=" " ind2="0">
      <subfield code="a">Incunabula</subfield>
    </datafield>
    <datafield tag="655" ind1=" " ind2="7">
      <subfield code="a">incunabula (books)</subfield>
      <subfield code="2">aat</subfield>
    </datafield>
    <datafield tag="655" ind1=" " ind2="7">
      <subfield code="a">Incunables.</subfield>
      <subfield code="2">rvmgf</subfield>
    </datafield>
    <datafield tag="700" ind1="1" ind2=" ">
      <subfield code="a">Barbo, Marco,</subfield>
      <subfield code="d">1420-1491,</subfield>
      <subfield code="e">dedicatee.</subfield>
      <subfield code="4">dte</subfield>
      <subfield code="1">https://id.oclc.org/worldcat/entity/E39PBJvH8cCJBHR4p3FJ7v46rq</subfield>
    </datafield>
    <datafield tag="700" ind1="1" ind2=" ">
      <subfield code="a">Orsini, Giovanni Gaetano,</subfield>
      <subfield code="d">active 14th century,</subfield>
      <subfield code="e">dedicatee.</subfield>
      <subfield code="4">dte</subfield>
      <subfield code="1">https://id.oclc.org/worldcat/entity/E39PCjyBt8wqBhKVKvfvkDycfq</subfield>
    </datafield>
    <datafield tag="700" ind1="1" ind2=" ">
      <subfield code="a">Bellati, Bartolomeo,</subfield>
      <subfield code="d">-1479,</subfield>
      <subfield code="e">editor.</subfield>
      <subfield code="4">edt</subfield>
      <subfield code="1">https://id.oclc.org/worldcat/entity/E39PBJdRCmwG6gmygJhTDwGCQq</subfield>
    </datafield>
    <datafield tag="700" ind1="1" ind2=" ">
      <subfield code="a">Lisboa, Gomes de,</subfield>
      <subfield code="d">-1513,</subfield>
      <subfield code="e">editor.</subfield>
      <subfield code="4">edt</subfield>
      <subfield code="1">https://id.oclc.org/worldcat/entity/E39PCjCCbTw7wMTh8dYB83mFmm</subfield>
    </datafield>
    <datafield tag="700" ind1="0" ind2=" ">
      <subfield code="a">Johann,</subfield>
      <subfield code="c">von Köln,</subfield>
      <subfield code="d">active 1471-1491,</subfield>
      <subfield code="e">printer.</subfield>
      <subfield code="4">prt</subfield>
      <subfield code="1">https://id.oclc.org/worldcat/entity/E39PCjxKtPr7pykmQFXXtWKgjy</subfield>
    </datafield>
    <datafield tag="700" ind1="1" ind2=" ">
      <subfield code="a">Manthen, Johann,</subfield>
      <subfield code="d">active 1471-1481,</subfield>
      <subfield code="e">printer.</subfield>
      <subfield code="4">prt</subfield>
      <subfield code="1">https://id.oclc.org/worldcat/entity/E39PCjrQcV9mHprYdRG88XrVfm</subfield>
    </datafield>
    <datafield tag="752" ind1=" " ind2=" ">
      <subfield code="a">Italy</subfield>
      <subfield code="d">Venice,</subfield>
      <subfield code="e">publication place.</subfield>
      <subfield code="4">pup</subfield>
    </datafield>
  </record>